|
|
|
|
| LEADER |
00875nam a2200265 a 4500 |
| 001 |
7852 |
| 003 |
BD-DhAAL |
| 005 |
20150711201251.0 |
| 008 |
150711s1995 nyu 000 1 eng |
| 010 |
|
|
|a 95045375
|
| 020 |
|
|
|a 0425155943
|
| 020 |
|
|
|a 0399141065 (acidfree paper)
|
| 040 |
|
|
|a DLC
|c DLC
|d DLC
|d BD-DhAAL
|
| 050 |
0 |
0 |
|a PS3553.O5545
|b C66 1995
|
| 082 |
0 |
0 |
|a 813/.54
|2 20
|
| 100 |
1 |
|
|a Cook, Robin,
|d 1940-
|9 12939
|
| 245 |
1 |
0 |
|a Contagion /
|c Robin Cook.
|
| 260 |
|
|
|a New York :
|b Putnam,
|b Berkley Books,
|c c1995.
|
| 300 |
|
|
|a 480 p. ;
|c 18 cm.
|
| 541 |
|
|
|e 7852
|
| 650 |
|
0 |
|a Communicable diseases
|x Fiction.
|9 13126
|
| 655 |
|
7 |
|a Medical novels.
|2 gsafd
|9 12958
|
| 942 |
|
|
|2 ddc
|c BK
|
| 999 |
|
|
|c 35041
|d 35041
|
| 952 |
|
|
|0 0
|1 0
|2 ddc
|4 0
|6 813_540000000000000_COO
|7 0
|9 54921
|a SCL
|b SCL
|c GEN
|d 2015-07-11
|e Gift
|l 2
|m 8
|o 813.54 COO
|p 3020007852
|r 2018-07-05
|s 2018-05-16
|t 1
|w 2015-07-11
|y BK
|